000 00777nam a22002297a 4500
999 _c63372
_d63372
005 20240530110637.0
008 170923s2015 ua a g b 000 0 ara d
017 _a9013
_bمصر. دار الكتب
020 _a9789773686567
040 _aEG-CaGPL
_cEG-CaGPL
082 0 4 _221
_a332.6\
_bع ق
100 0 _aعلا محمود انور.
245 1 0 _aقضايا فى التمويل و الاستثمار من المنظور الكلاسيكى و السلوكى /
_cعلا محمود انور.
250 _aط.1
260 _aالاسكندرية :
_c2015 .
300 _a280 ص ؛
_c24 سم .
650 0 7 _2qrmak
_aالاستثمار .
650 0 7 _2qrmak
_aراس المال .
651 _2qrmak
942 _2ddc
_cBK